[Event "FIDE World Uni Blitz-A 1st"]
[Site "Tornelo INT"]
[Date "2021.03.13"]
[Round "10.57"]
[White "Mourogiannis, Konstantinos"]
[Black "Marques, Ricardo Martinho"]
[Result "1-0"]
[WhiteElo "1833"]
[BlackElo "1650"]
[PlyCount "157"]
[EventDate "2021.03.13"]
[EventType "swiss (blitz)"]
[EventRounds "10"]
[EventCountry "NET"]
[SourceTitle "EXT 2022"]
[Source "ChessBase"]
[SourceDate "2021.10.06"]
[SourceVersion "1"]
[SourceVersionDate "2021.10.06"]
[SourceQuality "1"]

1. e4 e5 2. Nf3 Nc6 3. Bb5 Nf6 4. 0-0 Nxe4 5. Qe2 Nd6 6. Bxc6 dxc6 7. Nxe5 Be7 8. d4 0-0 9. c3 Re8 10. Qf3 Be6 11. Bf4 Bf8 12. Nd2 Bd5 13. Qg3 Qf6 14. Bg5 Qf5 15. Nef3 h6 16. Bxh6 Re2 17. Be3 Ne4 18. Nxe4 Bxe4 19. b3 Bd6 20. Qg5 Re8 21. Qxf5 Bxf5 22. Rfe1 Rb2 23. c4 f6 24. c5 Bf8 25. h3 Kf7 26. Bf4 Rxe1+ 27. Nxe1 Be7 28. Bxc7 Rd2 29. Nf3 Rc2 30. Bb8 a6 31. Bf4 Be4 32. Ne1 Re2 33. Kf1 Rb2 34. Bc1 Rc2 35. Nxc2 Bxc2 36. Be3 f5 37. g3 Bf6 38. Rc1 Be4 39. Ke2 Bd5 40. Kd3 Ke6 41. h4 g6 42. Bf4 Bg7 43. Re1+ Kf7 44. Bg5 Bf8 45. Re5 Be6 46. f3 Bd5 47. Ke3 Be6 48. f4 Bd5 49. Bd8 Be6 50. Bc7 Bg7 51. Rxe6 Kxe6 52. Be5 Bf8 53. b4 Kd5 54. Kd3 Be7 55. Bg7 Bd8 56. Bh6 Bc7 57. Bg5 b6 58. a3 bxc5 59. dxc5 Bb8 60. Bd8 Ba7 61. Ke3 Bb8 62. Kf3 Ba7 63. g4 fxg4+ 64. Kxg4 Ke6 65. h5 gxh5+ 66. Kxh5 Kf5 67. Bc7 Kf6 68. Kg4 Kg6 69. f5+ Kf6 70. Kf4 a5 71. Kg4 axb4 72. axb4 Kf7 73. Kg5 Kg7 74. f6+ Kf7 75. Kf5 Ke8 76. Ke6 Bb8 77. Bxb8 Kf8 78. Bd6+ Ke8 79. f7+ 1-0